[Event "Deutsche Einzelmeisterschaft 2012"]
[Date "2012.03.10"]
[Round "9.7"]
[Board "7"]
[White "Becker, Michael"]
[Black "Svane, Rasmus"]
[Result "1/2-1/2"]
[WhiteClock "00:09:05"]
[BlackClock "00:35:00"]
[WhiteElo "2301"]
[BlackElo "2401"]
[PlyCount "52"]

1. e4 e6 2. d3 d5 3. Qe2 Nc6 4. Nf3 e5 5. c3 Nf6 6. g3 dxe4 
7. dxe4 a5 8. Bg2 Bd6 9. O-O O-O 10. Rd1 Qe7 11. Nbd2 b6 12. Nf1 Ba6 
13. Qc2 Bc5 14. Be3 Bxf1 15. Bxc5 Qxc5 16. Bxf1 Rad8 17. a4 Nd4 18. Nxd4 exd4 
19. Rac1 dxc3 20. Rxd8 Rxd8 21. Qxc3 Nxe4 22. Qe1 Qf5 23. Rxc7 Nd2 24. Bg2 Nf3+ 
25. Bxf3 Qxf3 26. Rd7 Rc8 1/2-1/2

[Event "Deutsche Einzelmeisterschaft 2012"]
[Date "2012.03.10"]
[Round "9.10"]
[Board "10"]
[White "Libeau, Rene Andre"]
[Black "Dranischnikov, Egor"]
[Result "0-1"]
[WhiteClock "00:07:04"]
[BlackClock "00:30:00"]
[WhiteElo "2399"]
[BlackElo "2327"]
[PlyCount "58"]

1. d4 Nf6 2. Nf3 e6 3. e3 c5 4. Bd3 d5 5. b3 Nc6 6. O-O Bd6 
7. Bb2 O-O 8. a3 Qe7 9. Ne5 Nd7 10. f4 f5 11. Nd2 Nf6 12. c4 Ne4 
13. Ndf3 Bxe5 14. dxe5 Rd8 15. Qe1 b6 16. b4 cxb4 17. cxd5 Rxd5 18. Bc4 Rd8 
19. axb4 Qxb4 20. Qxb4 Nxb4 21. Nd4 Nd2 22. Bxe6+ Bxe6 23. Nxe6 Nxf1 24. Nxd8 Nxe3 
25. e6 Ned5 26. Ra3 Rxd8 27. Rxa7 Nf6 28. Bxf6 gxf6 29. Rb7 Re8 0-1

[Event "Deutsche Einzelmeisterschaft 2012"]
[Date "2012.03.10"]
[Round "9.11"]
[Board "11"]
[White "Alber, Horst"]
[Black "Scheider, Julian"]
[Result "1/2-1/2"]
[WhiteClock "00:01:59"]
[BlackClock "00:03:52"]
[WhiteElo "2340"]
[BlackElo "2275"]
[PlyCount "78"]

1. d4 Nf6 2. c4 c5 3. d5 b5 4. cxb5 a6 5. bxa6 g6 6. Nc3 Bxa6 
7. g3 d6 8. Bg2 Bg7 9. h4 Nbd7 10. Nh3 h5 11. O-O O-O 12. Rb1 Qa5 
13. Qc2 Ng4 14. Bd2 Rfb8 15. b3 Bc8 16. Nf4 Nde5 17. Rfc1 Qa7 18. Nh3 Qa3 
19. Nf4 Bf5 20. Be4 Bxe4 21. Qxe4 Qa6 22. Kg2 Nf6 23. Qc2 Ne8 24. Re1 Nc7 
25. f3 Ra7 26. Nh3 Rab7 27. Nf2 c4 28. f4 Nd7 29. bxc4 Qxc4 30. Qd3 Qxd3 
31. Nxd3 Nb6 32. Rec1 Nc4 33. Be1 Ne3+ 34. Kf3 Nexd5 35. Nxd5 Nxd5 36. Rc8+ Rxc8 
37. Rxb7 e6 38. a4 Ra8 39. Rd7 Nb6 1/2-1/2

[Event "Deutsche Einzelmeisterschaft 2012"]
[Date "2012.03.10"]
[Round "9.12"]
[Board "12"]
[White "Nuber, Korbinian"]
[Black "Lubbe, Nikolas"]
[Result "0-1"]
[WhiteClock "00:03:53"]
[BlackClock "00:31:00"]
[WhiteElo "2308"]
[BlackElo "2429"]
[PlyCount "70"]

1. e4 d5 2. exd5 Qxd5 3. Nc3 Qa5 4. d4 Nf6 5. Bc4 Nc6 6. Nf3 Bg4 
7. Bb5 O-O-O 8. Bxc6 bxc6 9. Qd3 c5 10. O-O Bxf3 11. Qxf3 cxd4 12. Rd1 e5 
13. Bg5 Be7 14. Ne4 Qd5 15. Bxf6 Bxf6 16. c4 Qc6 17. c5 Kd7 18. b4 Ke7 
19. Rab1 a6 20. Re1 Rhe8 21. a4 Qxa4 22. Nxf6 gxf6 23. Qf5 Qd7 24. Qxh7 Rh8 
25. Qd3 Qd5 26. Rbd1 Rdg8 27. f3 Qe6 28. f4 Qg4 29. Rd2 Rxh2 30. Kxh2 Qh4+ 
31. Qh3 Qxf4+ 32. Kh1 Qxd2 33. Rf1 Rg6 34. Kg1 Qxb4 35. c6 Qd6 0-1

[Event "Deutsche Einzelmeisterschaft 2012"]
[Date "2012.03.10"]
[Round "9.13"]
[Board "13"]
[White "Vatter, Hans-Joachim"]
[Black "Pohl-Kuemmel, Jens-Uwe"]
[Result "1/2-1/2"]
[WhiteClock "01:33:00"]
[BlackClock "01:32:00"]
[WhiteElo "2309"]
[BlackElo "2319"]
[PlyCount "20"]

1. e4 c5 2. Nf3 e6 3. d4 cxd4 4. Nxd4 a6 5. Bd3 Nf6 6. O-O d6 
7. c4 Be7 8. Nc3 b6 9. f4 Bb7 10. Qe1 O-O 1/2-1/2

[Event "Deutsche Einzelmeisterschaft 2012"]
[Date "2012.03.10"]
[Round "9.17"]
[Board "17"]
[White "Andre, Gordon"]
[Black "Ohme, Melanie"]
[Result "0-1"]
[WhiteClock "01:09:00"]
[BlackClock "00:48:00"]
[WhiteElo "2384"]
[BlackElo "2387"]
[PlyCount "50"]

1. c4 Nf6 2. Nc3 g6 3. d4 Bg7 4. e4 d6 5. f3 O-O 6. Be3 c5 
7. Nge2 Qa5 8. Qd2 Nc6 9. d5 Ne5 10. Ng3 a6 11. f4 Neg4 12. Bg1 h5 
13. h3 Nh6 14. Bd3 b5 15. cxb5 axb5 16. Nxb5 h4 17. Ne2 Nxe4 18. Qxa5 Rxa5 
19. Nbc3 Nxc3 20. Nxc3 Bf5 21. Kd2 Rb8 22. b3 Rxb3 23. axb3 Rxa1 24. Bc4 Bxc3+ 
25. Kxc3 Be4 0-1

[Event "Deutsche Einzelmeisterschaft 2012"]
[Date "2012.03.10"]
[Round "9.20"]
[Board "20"]
[White "Amos, Frank"]
[Black "Meissner, Felix"]
[Result "1-0"]
[WhiteClock "00:25:00"]
[BlackClock "00:07:56"]
[WhiteElo "2162"]
[BlackElo "2258"]
[PlyCount "63"]

1. e4 c5 2. Nc3 a6 3. a4 Nc6 4. f4 g6 5. Nf3 Bg7 6. Bc4 e6 
7. O-O Nge7 8. d3 d5 9. Ba2 O-O 10. Qe1 f5 11. e5 d4 12. Nb1 Rb8 
13. a5 Nd5 14. Bd2 Bh6 15. Bxd5 Qxd5 16. Na3 Qd8 17. Nc4 Ne7 18. Qh4 Kg7 
19. b4 Nd5 20. bxc5 Qxh4 21. Nxh4 Bd7 22. Nd6 Rfd8 23. g3 Ne3 24. Bxe3 dxe3 
25. Nf3 Kf8 26. h4 Ke7 27. Nd4 Bg7 28. Rfb1 Be8 29. Rb6 Bf7 30. Rab1 e2 
31. Kf2 Rd7 32. Nc6+ 1-0

[Event "Deutsche Einzelmeisterschaft 2012"]
[Date "2012.03.10"]
[Round "9.21"]
[Board "21"]
[White "Schuetze, Norman"]
[Black "Koehler, Gerhard, Dr."]
[Result "1/2-1/2"]
[WhiteClock "00:05:19"]
[BlackClock "00:05:17"]
[WhiteElo "2258"]
[BlackElo "2122"]
[PlyCount "118"]

1. e4 e6 2. d4 d5 3. Nc3 Nf6 4. e5 Nfd7 5. f4 c5 6. Nf3 Nc6 
7. Be3 a6 8. Qd2 b5 9. a3 Qc7 10. Be2 cxd4 11. Nxd4 Na5 12. O-O Nc4 
13. Bxc4 Qxc4 14. f5 Nxe5 15. Rae1 Bd6 16. Bf4 f6 17. Nxe6 Bxe6 18. fxe6 O-O 
19. Qxd5 Qxd5 20. Nxd5 Rae8 21. Bxe5 fxe5 22. Rxf8+ Kxf8 23. Rf1+ Kg8 24. e7 Bxe7 
25. Nxe7+ Rxe7 26. Rf2 Rd7 27. h3 a5 28. Kh2 b4 29. axb4 axb4 30. Kg3 Rd4 
31. Re2 Rc4 32. Rf2 h5 33. b3 Rd4 34. Re2 h4+ 35. Kf2 Rd5 36. Ke1 Kf7 
37. Re4 g5 38. Rxb4 Kf6 39. Ke2 Kf5 40. Rc4 Ra5 41. Rc8 Kf4 42. Kf2 Ra2 
43. Rc3 Rb2 44. Ke2 e4 45. Kf2 Rb1 46. g3+ hxg3+ 47. Rxg3 Rc1 48. Rc3 Rh1 
49. b4 Rh2+ 50. Kg1 Rd2 51. Kf1 e3 52. Rc8 Kf3 53. Ke1 Rh2 54. Rf8+ Ke4 
55. Re8+ Kd4 56. Kd1 Rxh3 57. b5 Rh1+ 58. Ke2 Rh2+ 59. Kd1 Rh1+ 1/2-1/2